Statistiques concernant Clubs de football par silhouette #2 - Moyen

Cliquez ici pour prendre le quiz!

Statistiques générales

  • Ce quiz a été pris 199 fois
    (156 depuis la dernière actualisation)
  • Le résultat moyen est 10 sur 15

Statistiques - réponses

Réponse% Correct
Crystal Palace
96%
Galatasaray SK
95%
SL Benfica
95%
Stade de Reims
95%
FC Porto
94%
Lille OSC
87%
Everton
84%
Hertha BSC
84%
Espagne
78%
Arsenal
77%
Hellas Vérone
73%
Uruguay
72%
AZ Alkmaar
66%
SD Eibar
63%
Boca Juniors
62%
PSV Eindhoven
59%
KAA La Gantoise
49%
Olympique Lyonnais
47%
Italie
44%
Aston Villa
36%
Atletico de Madrid
34%
Fiorentina
31%
Sporting Portugal
23%
Villarreal CF
19%

Distribution des résultats

Percentile par nombre de réponses

% des personnes avec chaque résultat

Votre développement - résultats

Vous n’avez pas pris ce quiz depuis la dernière actualisation